000 00716nab a22002297a 4500
001 18794
003 HDC
007 cr bn ---aaaaa
008 210128c99999999my ||||o |||| 00| 00may d
040 _aHDC
245 0 _aPenguatkuasa Kpdnkk Diarah Henti Rampas Berus Bulu Babi
336 _atext
_2rdacontent
337 _acomputer
_2rdamedia
338 _aonline resource
_2rdacarrier
650 _aIslamic ethics
_9277
650 _aIslamic law
_9590
710 _a365 News
856 _zRequest full-text at [email protected]
942 _2lcc
942 _cNEWS
942 _kNWSO 007588
999 _c16110
_d16110